Normal view
MARC view
- HISANA THASNIM, M HIMA, M. M
Entry Personal Name
001 - CONTROL NUMBER
- control field: 5326
003 - CONTROL NUMBER IDENTIFIER
- control field: OSt
005 - DATE AND TIME OF LATEST TRANSACTION
- control field: 20221201105706.0
008 - FIXED-LENGTH DATA ELEMENTS
- fixed length control field: 221201|| aca||aabn | a|a d
040 ## - CATALOGING SOURCE
- Original cataloging agency: OSt
- Transcribing agency: OSt
100 ## - HEADING--PERSONAL NAME
- Personal name: HISANA THASNIM, M HIMA, M. M
- Personal name: ADEEBA MUHSINA, LULU
- Personal name: BINCY, T. P
- Personal name: DEEPTHI, K. V
670 ## - SOURCE DATA FOUND
- Source citation: Work cat.: (OSt)17593: HISANA THASNIM, M HIMA, M. M ADEEBA MUHSINA, LULU BINCY, T. P DEEPTHI, K. V, REFINEMENT AND PERFREMANCE EVALUATION OF EXISTING JACKFRUIT PEELER, CORER CUM CUTTING MACHINE, 2022
